[Event "Unterfranken-ch HA 63th"]
[Site "Schweinfurt"]
[Date "2012.04.11"]
[Round "5"]
[White "Schlueter, Robert"]
[Black "Gerhard, Georg"]
[Result "1/2-1/2"]
[WhiteElo "1466"]
[BlackElo "1291"]
[PlyCount "25"]
[EventDate "2012.04.09"]
[EventType "swiss"]
[EventRounds "9"]
[EventCountry "GER"]
[SourceTitle "EXT 2015"]
[Source "ChessBase"]
[SourceDate "2014.11.20"]
[SourceVersion "1"]
[SourceVersionDate "2014.11.20"]
[SourceQuality "1"]

1. d4 Nf6 2. c4 g6 3. Nc3 Bg7 4. Nf3 0-0 5. Bf4 d6 6. e3 b6 7. h3 Bb7 8. d5 e5 9. Bg5 Nbd7 10. Qc2 Qe8 11. Nd2 h6 12. Bh4 c6 13. Nde4 1/2-1/2

[Event "Unterfranken-ch HA 63th"]
[Site "Schweinfurt"]
[Date "2012.04.11"]
[Round "4"]
[White "Sittinger, Lutz"]
[Black "Schlueter, Robert"]
[Result "1-0"]
[WhiteElo "1756"]
[BlackElo "1466"]
[PlyCount "70"]
[EventDate "2012.04.09"]
[EventType "swiss"]
[EventRounds "9"]
[EventCountry "GER"]
[SourceTitle "EXT 2015"]
[Source "ChessBase"]
[SourceDate "2014.11.20"]
[SourceVersion "1"]
[SourceVersionDate "2014.11.20"]
[SourceQuality "1"]

1. d4 d5 2. c4 Nf6 3. Nc3 e6 4. Bg5 Be7 5. Nf3 0-0 6. e3 Nc6 7. Bd3 h6 8. Bf4 a6 9. 0-0 dxc4 10. Bxc4 b5 11. Bd3 Bb7 12. Rc1 Bd6 13. Ne5 Nb4 14. Bb1 Nbd5 15. Bg3 Rc8 16. Bh4 g5 17. Bg3 Nxc3 18. Rxc3 Be4 19. Ng4 Bxb1 20. Bxd6 Nxg4 21. Bxf8 Bf5 22. Bb4 Nf6 23. Ba5 Qd6 24. b3 Ne4 25. Rc1 Bg6 26. a3 h5 27. Bb4 Qd5 28. Be1 Kg7 29. f3 Nf6 30. Bg3 g4 31. fxg4 Ne4 32. Be5+ f6 33. gxh5 fxe5 34. hxg6 Ng3 35. Qg4 Nf5 1-0

[Event "Unterfranken-ch HA 63th"]
[Site "Schweinfurt"]
[Date "2012.04.10"]
[Round "3"]
[White "Hegel, Pius"]
[Black "Schlueter, Robert"]
[Result "1/2-1/2"]
[WhiteElo "1647"]
[BlackElo "1466"]
[PlyCount "102"]
[EventDate "2012.04.09"]
[EventType "swiss"]
[EventRounds "9"]
[EventCountry "GER"]
[SourceTitle "EXT 2015"]
[Source "ChessBase"]
[SourceDate "2014.11.20"]
[SourceVersion "1"]
[SourceVersionDate "2014.11.20"]
[SourceQuality "1"]

1. c4 e5 2. d4 exd4 3. Qxd4 d6 4. Nf3 Nc6 5. Qc3 Nf6 6. Bg5 Be7 7. Nbd2 h6 8. Bh4 Be6 9. e3 Qd7 10. Be2 0-0 11. Bg3 Bf5 12. 0-0 Rfe8 13. h3 a5 14. a3 a4 15. Rfe1 Bd8 16. Nd4 Nxd4 17. exd4 c6 18. Bf3 Ba5 19. Rxe8+ Qxe8 20. Qc1 d5 21. b4 axb3 22. Nxb3 dxc4 23. Nxa5 Rxa5 24. Qxc4 Be6 25. Qc3 Rb5 26. Re1 Qd7 27. Be5 Rb3 28. Qc1 Nd5 29. Kh2 Qd8 30. g4 Rxf3 31. Kg2 Rc3 32. Qb2 Rb3 33. Qc1 Qa5 34. Bd6 Nf6 35. Re5 Bd5+ 36. Kh2 Qc3 37. Qf1 Qxd4 38. Rf5 Bc4 39. Bc5 Qxc5 40. Qd1 Bd5 41. Qxb3 Qxf2+ 42. Rxf2 Bxb3 43. Rb2 Bd5 44. Rxb7 Kf8 45. a4 Ke8 46. a5 Kd8 47. a6 Kc8 48. Rb2 c5 49. a7 Nd7 50. Kg3 Kc7 51. Ra2 Ba8 1/2-1/2

[Event "Unterfranken-ch HB 62th"]
[Site "Gerolzhofen"]
[Date "2011.04.28"]
[Round "6"]
[White "Schlueter, Robert"]
[Black "Simon, Manuel"]
[Result "1/2-1/2"]
[WhiteElo "1517"]
[BlackElo "1347"]
[PlyCount "82"]
[EventDate "2011.04.25"]
[EventType "swiss"]
[EventRounds "9"]
[EventCountry "GER"]
[SourceTitle "EXT 2015"]
[Source "ChessBase"]
[SourceDate "2014.11.20"]
[SourceVersion "1"]
[SourceVersionDate "2014.11.20"]
[SourceQuality "1"]

1. e4 d5 2. exd5 Qxd5 3. Nc3 Qa5 4. d4 Nf6 5. Bd2 c6 6. Bc4 Qc7 7. Nf3 Bf5 8. 0-0 e6 9. Re1 Bd6 10. h3 0-0 11. Nh4 Bg6 12. Nxg6 hxg6 13. Bg5 Nbd7 14. Qd2 Rfe8 15. Re2 Nh5 16. Rae1 Bf4 17. Bxf4 Qxf4 18. Qxf4 Nxf4 19. Re4 Nh5 20. d5 cxd5 21. Nxd5 Nhf6 22. Nxf6+ Nxf6 23. Rd4 Rad8 24. Red1 Rxd4 25. Rxd4 Rc8 26. Bb3 Kf8 27. Kf1 Ke7 28. Ke2 Ne8 29. Kd3 Rd8 30. Rxd8 Kxd8 31. Kd4 Kd7 32. Ba4+ Ke7 33. Bxe8 Kxe8 34. f4 f6 35. h4 Kd7 36. c4 Kd6 37. b4 b6 38. g4 Kc6 39. a4 Kd6 40. g5 Kc6 41. Ke4 Kd6 1/2-1/2

[Event "Unterfranken-ch HB 62th"]
[Site "Gerolzhofen"]
[Date "2011.04.25"]
[Round "1"]
[White "Lehmann, Andreas1111"]
[Black "Schlueter, Robert"]
[Result "0-1"]
[WhiteElo "943"]
[BlackElo "1517"]
[PlyCount "68"]
[EventDate "2011.04.25"]
[EventType "swiss"]
[EventRounds "9"]
[EventCountry "GER"]
[SourceTitle "EXT 2015"]
[Source "ChessBase"]
[SourceDate "2014.11.20"]
[SourceVersion "1"]
[SourceVersionDate "2014.11.20"]
[SourceQuality "1"]

1. e4 c5 2. Bc4 e6 3. Nf3 Nc6 4. d3 Be7 5. Be3 d5 6. exd5 exd5 7. Bb5 Qa5+ 8. Nc3 d4 9. Bxd4 cxd4 10. Nxd4 Bd7 11. Nb3 Qd8 12. 0-0 Nf6 13. Re1 0-0 14. Nd5 Nxd5 15. c4 Nf6 16. Qe2 Bb4 17. Rf1 Re8 18. Qf3 a6 19. Bxc6 Bxc6 20. Qd1 b5 21. c5 Qd5 22. f3 Bxc5+ 23. Nxc5 Qxc5+ 24. d4 Qd5 25. Rc1 Ng4 26. Rc5 Ne3 27. Qd3 Qd6 28. Rf2 Nc4 29. Re2 Rxe2 30. Qxe2 Qxd4+ 31. Qf2 Ne3 32. Rc1 Rd8 33. g3 Qd1+ 34. Rxd1 Rxd1+ 0-1

[Event "Unterfranken-ch HT 61th"]
[Site "Kitzingen"]
[Date "2010.04.09"]
[Round "7"]
[White "Hartlaub, Marianne"]
[Black "Schlueter, Robert"]
[Result "0-1"]
[WhiteElo "1433"]
[BlackElo "1520"]
[PlyCount "127"]
[EventDate "2010.04.05"]
[EventType "swiss"]
[EventRounds "9"]
[EventCountry "GER"]
[SourceTitle "EXT 2015"]
[Source "ChessBase"]
[SourceDate "2014.11.20"]
[SourceVersion "1"]
[SourceVersionDate "2014.11.20"]
[SourceQuality "1"]

1. Nf3 d5 2. c4 c6 3. b3 Bg4 4. Ne5 Bf5 5. Bb2 Nf6 6. Nc3 e6 7. g3 Bd6 8. Nf3 Nbd7 9. Bg2 0-0 10. 0-0 e5 11. h3 d4 12. Nb1 Re8 13. d3 Nf8 14. a3 Qc8 15. Kh2 Qc7 16. Nbd2 a5 17. Rc1 c5 18. Ng5 h6 19. Nge4 N8d7 20. Nxd6 Qxd6 21. Re1 Rab8 22. a4 Nf8 23. Nb1 Re7 24. Na3 Bd7 25. Qd2 b6 26. e3 Rbe8 27. Nc2 Bf5 28. Ba3 dxe3 29. Rxe3 e4 30. d4 N8d7 31. Rce1 Ne5 32. Qc3 Nd3 33. dxc5 bxc5 34. Rd1 Qc7 35. Rd2 Rd8 36. Ne1 Red7 37. Rde2 Nxe1 38. Rxe1 Rd3 39. Rxd3 exd3 40. Bc1 Qd7 41. Rd1 Re8 42. Qxa5 Re2 43. Be3 Be4 44. Qxc5 Bxg2 45. Kxg2 Qb7+ 46. Kg1 Qxb3 47. Bxh6 Qxd1+ 48. Kg2 Rxf2+ 49. Qxf2 gxh6 50. Qxf6 Qe2+ 51. Qf2 Qc2 52. Kf3 d2 53. Ke3 d1N+ 54. Kd4 Nxf2 55. Kc5 Qxa4 56. Kd5 Kf8 57. c5 Ke7 58. h4 Nd3 59. c6 Nb4+ 60. Kc5 Nxc6 61. g4 Kd7 62. g5 Qd4+ 63. Kb5 Kc7 64. gxh6 0-1

[Event "Unterfranken-ch HT 61th"]
[Site "Kitzingen"]
[Date "2010.04.07"]
[Round "4"]
[White "Weikert, Benedikt"]
[Black "Schlueter, Robert"]
[Result "1-0"]
[WhiteElo "1570"]
[BlackElo "1520"]
[PlyCount "47"]
[EventDate "2010.04.05"]
[EventType "swiss"]
[EventRounds "9"]
[EventCountry "GER"]
[SourceTitle "EXT 2015"]
[Source "ChessBase"]
[SourceDate "2014.11.20"]
[SourceVersion "1"]
[SourceVersionDate "2014.11.20"]
[SourceQuality "1"]

1. d4 d5 2. c4 e6 3. Nc3 Nf6 4. Bg5 Be7 5. e3 0-0 6. cxd5 exd5 7. Bd3 Ne4 8. Bxe7 Qxe7 9. Nxd5 Qd8 10. Bxe4 f5 11. Bf3 Be6 12. Nf4 Bc8 13. Bxb7 Bxb7 14. Qb3+ Rf7 15. Qxb7 Nd7 16. Qd5 c6 17. Qxc6 Qa5+ 18. Qc3 Qa6 19. Nf3 Rc8 20. Qb3 Qa5+ 21. Ke2 Qa6+ 22. Nd3 Rb8 23. Qa3 Rxb2+ 24. Qxb2 1-0